Estadísticas para Cultura General Fácil #4

Haz click aquí para intentar la prueba.

Estadísticas generales

  • Esta prueba ha sido intentada 2.938 veces
  • La puntuación promedio es 17 de 20

Estadísticas de respuestas

PreguntaRespuesta% Correcto
¿Cuál es la capital de italia?Roma
100%
¿Quién es la novia de Mickey Mouse?Minnie Mouse
95%
¿Cuál es el tipo de animal terrestre más alto?Jirafa
93%
¿Cuál es el primer nombre de Bieber y Timberlake?Justin
93%
¿Cuáles son los dos países más fríos del mundo por temperatura media?Rusia
91%
¿Cuál es el segundo planeta desde el Sol?Venus
91%
¿Qué película comienza con las palabras "hace mucho tiempo, en una galaxia muy lejana"?Star Wars
90%
¿Qué producto alimenticio se arroja a veces a los novios en las bodas?Arroz
89%
¿Cuál es el nombre de los dientes "puntiagudos" que las personas tienen al lado de sus incisivos?Caninos
88%
¿Qué objeto doméstico supuestamente causará 7 años de mala suerte si lo rompes?Espejo
88%
¿Cuál es la cadena montañosa más larga de América del Sur?Los Andes
87%
¿Qué país fue dirigido por Fidel Castro?Cuba
86%
¿Cuál es la versión en inglés del nombre Juan?John
86%
¿Cuáles son los dos países más fríos del mundo por temperatura media?Canadá
83%
¿Qué dinosaurio se cree que tuvo la mordida más poderosa de cualquier animal terrestre en la historia?Tirano-saurio Rex
83%
¿Qué idioma tiene una palabra, karōshi, que significa "muerte por exceso de trabajo"?Japonés
78%
¿En qué país encontrarías la sede de Samsung?Corea del Sur
67%
¿Quién protagonizó "Forrest Gump", "Salvando al soldado Ryan" y "Náufrago"?Tom Hanks
66%
¿Cuál es la palabra para una oveja joven?Cordero
64%
¿Quién fue una estrella de cine antes de convertirse en presidente de los Estados Unidos?Ronald Reagan
38%

Distribución de puntuación

Porcentaje por número respondido

Porcentaje de gente con cada puntuación

Historial de tus puntuaciones

No has intentado esta prueba.